| 000 | 00718nam a2200205Ia 4500 | ||
|---|---|---|---|
| 003 | GCL | ||
| 005 | 20240530104117.0 | ||
| 008 | 140319s9999 xx 000 0 ara d | ||
| 040 |
_aGCL / _cGCL |
||
| 082 | 0 | 4 |
_a362.293/ _bش ل |
| 110 | 0 | _aالشركة الشرقية للمطبوعات | |
| 245 | 1 | 0 |
_aللمدمن علاج : _bالمخدرات ومأساة الادمان/ _cالشركة الشرقية للمطبوعات |
| 260 |
_aبيروت : _bالشركة الشرقية للمطبوعات، _c1988. |
||
| 300 |
_a96 ص. : _bصور ؛ _c19 سم. |
||
| 490 |
_aسلسلة اسرتى _v0 |
||
| 650 | 0 | 4 | _aالمخدرات |
| 650 | 0 | 4 | _aمكافحة المخدرات |
| 650 | 0 | 4 | _aالادمان |
| 942 |
_2ddc _cBK |
||
| 999 |
_c44687 _d44687 |
||